Dinge mit E - Statistiken

Allgemein
  • Dieses Quiz wurde 236 mal gespielt
  • Das Durchschnittsergebnis liegt bei 14 aus 20
Antwortstatistiken
Bildquiz Antwort % Korrekt
Eiffelturm
100%
Eimer
100%
Esel
100%
Elch
99%
Eierlikör
97%
Eisenbahn
95%
Ecuador
87%
Embryo
87%
Elfe
84%
Elvis Presley
84%
Espresso
82%
Emmentaler
75%
Elbphilharmonie
70%
Edelweiß
48%
Ellipse
48%
Esche
39%
Emmy
35%
Elixier
27%
Evangelium
19%
Elektra
16%
Keine übereinstimmenden Quizze gefunden
Verteilung der Resultate
Anzahl Personen mit jedem Resultat
Perzentil nach korrekt beantworteten Fragen
Ihre Resultats-Entwicklung
Sie haben dieses Quiz noch nicht gespielt